<?xml version="1.0" encoding="UTF-8"?>
<record
    xmlns:xsi="http://www.w3.org/2001/XMLSchema-instance"
    xsi:schemaLocation="http://www.loc.gov/MARC21/slim http://www.loc.gov/standards/marcxml/schema/MARC21slim.xsd"
    xmlns="http://www.loc.gov/MARC21/slim">

  <leader>03856nam a2200493zi 4500</leader>
  <controlfield tag="001">23579</controlfield>
  <controlfield tag="003">FINmELB</controlfield>
  <controlfield tag="005">20241216214110.0</controlfield>
  <controlfield tag="006">m     o  u        </controlfield>
  <controlfield tag="007">cr cn|||||||||</controlfield>
  <controlfield tag="008">220131s2016    mx abo fo b   000 0 spa d</controlfield>
  <datafield tag="020" ind1=" " ind2=" ">
    <subfield code="z">9786074628883</subfield>
  </datafield>
  <datafield tag="020" ind1=" " ind2=" ">
    <subfield code="a">9786076281390</subfield>
    <subfield code="q">(e-book)</subfield>
  </datafield>
  <datafield tag="035" ind1=" " ind2=" ">
    <subfield code="a">(OCoLC)1298603657</subfield>
  </datafield>
  <datafield tag="040" ind1=" " ind2=" ">
    <subfield code="a">FINmELB</subfield>
    <subfield code="b">spa</subfield>
    <subfield code="e">rda</subfield>
    <subfield code="c">FINmELB</subfield>
  </datafield>
  <datafield tag="050" ind1=" " ind2="4">
    <subfield code="a">HT384.L29</subfield>
    <subfield code="b">U733 2016</subfield>
  </datafield>
  <datafield tag="082" ind1="0" ind2="4">
    <subfield code="a">307.7609720905</subfield>
    <subfield code="2">23</subfield>
  </datafield>
  <datafield tag="245" ind1="0" ind2="0">
    <subfield code="a">Urbanizaci&#xF3;n y pol&#xED;tica urbana e iberoam&#xE9;rica :</subfield>
    <subfield code="b">experiencias, an&#xE1;lisis y reflexiones /</subfield>
    <subfield code="c">Mar&#xED;a Eugen&#xED;a Negrete, coordinadora.</subfield>
  </datafield>
  <datafield tag="250" ind1=" " ind2=" ">
    <subfield code="a">Primera edici&#xF3;n.</subfield>
  </datafield>
  <datafield tag="264" ind1=" " ind2="1">
    <subfield code="a">M&#xE9;xico, D.F. :</subfield>
    <subfield code="b">El Colegio de M&#xE9;xico, Centro de Estudios Demogr&#xE1;ficos, Urbanos y Ambientales,</subfield>
    <subfield code="c">2016.</subfield>
  </datafield>
  <datafield tag="300" ind1=" " ind2=" ">
    <subfield code="a">1 recurso en l&#xED;nea (309 p&#xE1;ginas) :</subfield>
    <subfield code="b">ilustraciones, gr&#xE1;ficas, mapas, fotograf&#xED;as en blanco y negro</subfield>
  </datafield>
  <datafield tag="336" ind1=" " ind2=" ">
    <subfield code="a">texto</subfield>
    <subfield code="b">txt</subfield>
    <subfield code="2">rdacontent/spa</subfield>
  </datafield>
  <datafield tag="337" ind1=" " ind2=" ">
    <subfield code="a">computadora</subfield>
    <subfield code="b">c</subfield>
    <subfield code="2">rdamedia/spa</subfield>
  </datafield>
  <datafield tag="338" ind1=" " ind2=" ">
    <subfield code="a">recurso en l&#xED;nea</subfield>
    <subfield code="b">cr</subfield>
    <subfield code="2">rdacarrier/spa</subfield>
  </datafield>
  <datafield tag="500" ind1=" " ind2=" ">
    <subfield code="a">Los trabajos incluidos fueron presentados en versiones previas en el Primer Encuentro de Investigaci&#xF3;n Urbana y Ambiental convocado por el Centro de Estudios Demogr&#xE1;ficos, Urbanos y Ambientales de El Colegio de M&#xE9;xico en mayo de 2013 -- P&#xE1;gina 9.</subfield>
  </datafield>
  <datafield tag="504" ind1=" " ind2=" ">
    <subfield code="a">Incluye bibliograf&#xED;a: p&#xE1;ginas 398-401.</subfield>
  </datafield>
  <datafield tag="505" ind1="2" ind2="0">
    <subfield code="t">Urbanizaci&#xF3;n, ciudades y migraci&#xF3;n en el siglo XXI : continuidad y cambio en Am&#xE9;rica Latina /</subfield>
    <subfield code="r">Jorge Rodr&#xED;guez Vignoli --</subfield>
    <subfield code="t">Din&#xE1;mica y distribuci&#xF3;n territorial de la poblaci&#xF3;n en M&#xE9;xico /</subfield>
    <subfield code="r">Jaime Sobrino --</subfield>
    <subfield code="t">Nuevas din&#xE1;micas econ&#xF3;micas metropolitanas y regionales en M&#xE9;xico y los problemas de la pol&#xED;tica territorial /</subfield>
    <subfield code="r">Alejandra Trejo Nieto --</subfield>
    <subfield code="t">Tres aristas de un mismo problema : movilidad diferencial en el Ciudad de M&#xE9;xico /</subfield>
    <subfield code="r">Valent&#xED;n Ibarra, Mar&#xED;a Eugenia Negrete, Boris Graizbord --</subfield>
    <subfield code="t">Movilidad sostenible y reestructuraci&#xF3;n de la ciudad de Barcelona. Una comparativa entre dos contextos : europeo y latinoamericano /</subfield>
    <subfield code="r">Francesc Magriny&#xE1; --</subfield>
    <subfield code="t">Pol&#xED;tica urbana y gesti&#xF3;n ambiental --</subfield>
    <subfield code="t">Reflexiones sobre la naturaleza de las segmentaciones en las grandes ciudades de Am&#xE9;rica Latina y sus consecuencias sobre cohesi&#xF3;n social /</subfield>
    <subfield code="r">Rub&#xE9;n Kaztman --</subfield>
    <subfield code="t">Ciudades pobreza y segregaci&#xF3;n /</subfield>
    <subfield code="r">Martha Scheingart, Araceli Dami&#xE1;n --</subfield>
    <subfield code="t">Evoluci&#xF3;n reciente de la divisi&#xF3;n social del espacio residencial en la Zona Metropolitana de la Ciudad de M&#xE9;xico : los impactos de la renovaci&#xF3;n habitacional en la ciudad central y de la formaci&#xF3;n de una nueva periferia /</subfield>
    <subfield code="r">Emilio Duhau --</subfield>
    <subfield code="t">Gesti&#xF3;n ambiental y pol&#xED;tica : las vulnerabilidades y los riesgos /</subfield>
    <subfield code="r">Michael Redclift --</subfield>
    <subfield code="t">La relaci&#xF3;n ciencia-sociedad-innovaci&#xF3;n en M&#xE9;xico : una perspectiva desde la geograf&#xED;a /</subfield>
    <subfield code="r">Anna Burgos Bocco, Hebe Vessuri, Sara Ortiz.</subfield>
  </datafield>
  <datafield tag="588" ind1=" " ind2=" ">
    <subfield code="a">Descripci&#xF3;n basada en metadatos suministrados por el editor y otras fuentes.</subfield>
  </datafield>
  <datafield tag="590" ind1=" " ind2=" ">
    <subfield code="a">Recurso electr&#xF3;nico. Santa Fe, Arg.: elibro, 2022. Disponible v&#xED;a World Wide Web. El acceso puede estar limitado para las bibliotecas afiliadas a elibro.</subfield>
  </datafield>
  <datafield tag="650" ind1=" " ind2="0">
    <subfield code="a">Cities and towns</subfield>
    <subfield code="z">Latin America</subfield>
    <subfield code="v">Congresses.</subfield>
  </datafield>
  <datafield tag="650" ind1=" " ind2="0">
    <subfield code="a">Urbanization</subfield>
    <subfield code="z">Latin America</subfield>
    <subfield code="v">Congresses.</subfield>
  </datafield>
  <datafield tag="650" ind1=" " ind2="0">
    <subfield code="a">Urban policy</subfield>
    <subfield code="z">Latin America</subfield>
    <subfield code="v">Congresses.</subfield>
  </datafield>
  <datafield tag="650" ind1=" " ind2="0">
    <subfield code="a">Urbanization</subfield>
    <subfield code="z">Mexico</subfield>
    <subfield code="v">Congresses.</subfield>
  </datafield>
  <datafield tag="650" ind1=" " ind2="0">
    <subfield code="a">Urban policy</subfield>
    <subfield code="z">Mexico</subfield>
    <subfield code="v">Congresses.</subfield>
  </datafield>
  <datafield tag="650" ind1=" " ind2="4">
    <subfield code="a">Urbanizaci&#xF3;n</subfield>
    <subfield code="z">M&#xE9;xico</subfield>
    <subfield code="y">Siglo XXI</subfield>
    <subfield code="v">Congresos.</subfield>
  </datafield>
  <datafield tag="650" ind1=" " ind2="4">
    <subfield code="a">Urbanizaci&#xF3;n</subfield>
    <subfield code="z">Am&#xE9;rica Latina</subfield>
    <subfield code="y">Siglo XXI</subfield>
    <subfield code="v">Congresos.</subfield>
  </datafield>
  <datafield tag="650" ind1=" " ind2="4">
    <subfield code="a">Movilidad residencial</subfield>
    <subfield code="z">M&#xE9;xico</subfield>
    <subfield code="z">Ciudad de M&#xE9;xico</subfield>
    <subfield code="v">Congresos.</subfield>
  </datafield>
  <datafield tag="650" ind1=" " ind2="4">
    <subfield code="a">Movilidad residencial</subfield>
    <subfield code="z">Espa&#xF1;a</subfield>
    <subfield code="z">Barcelona</subfield>
    <subfield code="v">Congresos.</subfield>
  </datafield>
  <datafield tag="650" ind1=" " ind2="4">
    <subfield code="a">Pol&#xED;tica urbana</subfield>
    <subfield code="z">Am&#xE9;rica Latina</subfield>
    <subfield code="v">Congresos.</subfield>
  </datafield>
  <datafield tag="655" ind1=" " ind2="4">
    <subfield code="a">Libros electr&#xF3;nicos.</subfield>
  </datafield>
  <datafield tag="700" ind1="1" ind2=" ">
    <subfield code="a">Negrete Salas, Mar&#xED;a Eugenia,</subfield>
    <subfield code="e">coordinador.</subfield>
  </datafield>
  <datafield tag="797" ind1="2" ind2=" ">
    <subfield code="a">elibro, Corp.</subfield>
  </datafield>
  <datafield tag="856" ind1="4" ind2="0">
    <subfield code="u">https://elibro.net/ereader/politecnicointernacional/194952</subfield>
  </datafield>
  <datafield tag="999" ind1=" " ind2=" ">
    <subfield code="c">23579</subfield>
    <subfield code="d">23579</subfield>
  </datafield>
</record>
